00329nam a2200121Ia 4500008004100000020001800041100002100059245004400080250001100124260003900135300001700174650001600191180705s9999 xx 000 0 und d a9781259010699 aBluman, Allan G. cAllan G. BlumanaElementary statistics/ a6th ed aQuezon City:bC&E publishingc2013 ax, 636 pages aStatistics.